000 00791nam a2200265Ia 4500
003 OSt
005 20221005104946.0
006 a|||||r|||| 00| 0
007 ta
008 221004b |||||||| |||| 00| 0 hin d
020 _a818599949X
024 _a32539
037 _cTextual
040 _aCRL
_cCRL
_bhin
041 _2hin
_ahin
082 _aO152,3xN, M8
100 _aगौतम, रमेश
245 0 _aकहानी संग्रह
246 _aKahānī sangraha
260 _aदिल्ली
_bस्वराज प्रकाशन भारत
_c1988
300 _a167पृ.
_ccm.
650 _aहिन्दी कहानी
942 _hO152,3xN, M8
_cTEXL
_2cc
999 _c1014311
_d1014311